Level of brand equity of SISC college : (Record no. 329793)
[ view plain ]
| 000 -LEADER | |
|---|---|
| fixed length control field | 00623nam a2200217Ia 4500 |
| 008 - FIXED-LENGTH DATA ELEMENTS--GENERAL INFORMATION | |
| fixed length control field | 170504s9999 xx 000 0 und d |
| 050 ## - LIBRARY OF CONGRESS CALL NUMBER | |
| Classification number | HF 5415.335 |
| 050 ## - LIBRARY OF CONGRESS CALL NUMBER | |
| Item number | .Al473 2016 |
| 100 ## - MAIN ENTRY--PERSONAL NAME | |
| Personal name | Alvarez, Chuck Alvin C. |
| 245 ## - TITLE STATEMENT | |
| Title | Level of brand equity of SISC college : |
| 245 ## - TITLE STATEMENT | |
| Remainder of title | basis for recommendations / |
| 245 ## - TITLE STATEMENT | |
| Statement of responsibility, etc | Chuck Alvin C. Alvarez. |
| 260 ## - PUBLICATION, DISTRIBUTION, ETC. (IMPRINT) | |
| Place of publication, distribution, etc | Las Piñas, Philippines : |
| 260 ## - PUBLICATION, DISTRIBUTION, ETC. (IMPRINT) | |
| Name of publisher, distributor, etc | SISC, |
| 260 ## - PUBLICATION, DISTRIBUTION, ETC. (IMPRINT) | |
| Date of publication, distribution, etc | 2016. |
| 300 ## - PHYSICAL DESCRIPTION | |
| Extent | 65 pages : |
| 300 ## - PHYSICAL DESCRIPTION | |
| Other physical details | illustrations ; |
| 300 ## - PHYSICAL DESCRIPTION | |
| Dimensions | 28 cm. |
| 500 ## - GENERAL NOTE | |
| General note | Includes bibliographical references and appendices. |
| 521 ## - TARGET AUDIENCE NOTE | |
| Target audience note | Business Administration |
No items available.